The noble scholar, jurist, historian


 His Excellency Dr. Abdul Wahhab bin Ibrahim Abu Sulaiman, may Allah have mercy on him.


 He was born in Umm Al-Qura in the year 1356 AH.

قضايا في فهرسة المطبوع العربي : (Record no. 12507)

MARC details
000 -LEADER
fixed length control field 01378cam a2200325 i 4500
003 - CONTROL NUMBER IDENTIFIER
control field SA-RiAUC
005 - DATE AND TIME OF LATEST TRANSACTION
control field 20251013081941.0
008 - FIXED-LENGTH DATA ELEMENTS--GENERAL INFORMATION
fixed length control field 251010s1997 su a g b f000 0 ara c
020 ## - INTERNATIONAL STANDARD BOOK NUMBER
International Standard Book Number 9960001075
040 ## - CATALOGING SOURCE
Original cataloging agency SA-RiAUC
Language of cataloging ara
Transcribing agency SA-RiAUC
Description conventions rda
050 #4 - LIBRARY OF CONGRESS CALL NUMBER
Item number .A93 1997
060 #0 - NATIONAL LIBRARY OF MEDICINE CALL NUMBER
Item number م ق
082 04 - DEWEY DECIMAL CLASSIFICATION NUMBER
Classification number 025.3471
Assigning agency SA-RiAUC
090 ## - LOCALLY ASSIGNED LC-TYPE CALL NUMBER (OCLC); LOCAL CALL NUMBER (RLIN)
Classification number (OCLC) (R) ; Classification number, CALL (RLIN) (NR) 025.3471
Local cutter number (OCLC) ; Book number/undivided call number, CALL (RLIN) ع و د
100 1# - MAIN ENTRY--PERSONAL NAME
Personal name عودة، محمود مصطفى
Relator term مؤلف.
245 10 - TITLE STATEMENT
Title قضايا في فهرسة المطبوع العربي :
Remainder of title القواعد والحلول /
Statement of responsibility, etc. محمود مصطفى عودة، وليد نذير عتمة.
250 ## - EDITION STATEMENT
Edition statement الطبعة الأولى.
264 #1 - PRODUCTION, PUBLICATION, DISTRIBUTION, MANUFACTURE, AND COPYRIGHT NOTICE
Place of production, publication, distribution, manufacture الرياض :
Name of producer, publisher, distributor, manufacturer مكتبة الملك فهد الوطنية،
Date of production, publication, distribution, manufacture, or copyright notice 1997
300 ## - PHYSICAL DESCRIPTION
Extent 174 صفحة :
Other physical details إيضاحيات ؛
Dimensions 24 سم.
336 ## - CONTENT TYPE
Content type term نص
Content type code txt
Source rdacontent
Materials specified كتاب
337 ## - MEDIA TYPE
Media type term بدون وسيط
Media type code n
Source rdamedia
338 ## - CARRIER TYPE
Carrier type term مجلد
Carrier type code nc
Source rdacarrier
490 0# - SERIES STATEMENT
Series statement مطبوعات مكتبة الملك فهد الوطنية ؛
Volume/sequential designation السلسلة الثانية ؛
-- 27
504 ## - BIBLIOGRAPHY, ETC. NOTE
Bibliography, etc. note ببليوجرافية : صفحة 173-174.
520 0# - SUMMARY, ETC.
Summary, etc. يتناول الكتاب الفهرسة وأنواعها وأهمية الفهرسة.
650 #7 - SUBJECT ADDED ENTRY--TOPICAL TERM
Topical term or geographic name entry element الفهرسة الوصفية
Source of heading or term aucsh
700 1# - ADDED ENTRY--PERSONAL NAME
Personal name عتمة، وليد نذير
Relator term مؤلف.
942 ## - ADDED ENTRY ELEMENTS (KOHA)
Source of classification or shelving scheme Dewey Decimal Classification
Koha item type Books
Suppress in OPAC No
949 ## - LOCAL PROCESSING INFORMATION (OCLC)
a SA-JeALM
d 251010
u mohamedma123
n 1
Holdings
Withdrawn status Lost status Source of classification or shelving scheme Damaged status Not for loan Home library Current library Date acquired Total checkouts Full call number Barcode Date last seen Price effective from Koha item type
    Dewey Decimal Classification     DR AbdElwahab Library DR AbdElwahab Library 10/13/2025   025.3471 ع و د 000020182 10/13/2025 10/13/2025 Books